000 00452nam a2200133Ia 4500
008 220615s9999||||xx |||||||||||||| ||und||
022 _a26320983
100 _aLeila Queiroz Zepka||Veridiana Vera de Rosso||Eduardo Jacob-Lopes
245 0 _aVitamin A
546 _aEnglish[eng]
650 _aLife Sciences||Vitaminology||Genetics and Molecular Biology||Alimentology||Biochemistry
856 _uhttps://www.intechopen.com/books/vitamin-a
942 _cEB
999 _c16900
_d16900